Les garçons-Zaho de Sagazan - Statistiques

Statistiques générales
  • Ce quiz a été pris 24 fois
  • Le résultat moyen est 205 sur 245
Statistiques - réponses
Réponse % Correct
à
100%
À
100%
amoureuse
100%
de
100%
Je
100%
je,
100%
je
100%
suis
100%
tous
100%
garçon
94%
garçons
94%
les
94%
toi
89%
(toi)
89%
tout
89%
un
89%
bien,
83%
bien
83%
dans
83%
façon
83%
Ils
83%
lit
83%
moi
83%
moi,
83%
mon
83%
par
83%
peu
83%
pour
83%
sont
83%
veux
83%
veux,
83%
amoureux
78%
choix
78%
Et
78%
et
78%
faire
78%
incapable
78%
leur
78%
que
78%
qui
78%
ta
78%
tu
78%
mains
72%
me
72%
sache
72%
ses
72%
te
72%
tombe
72%
toute
72%
très
72%
trouve
72%
barge
67%
ce
67%
choisir
67%
faits
67%
gâchis
67%
Mais
67%
N'en
67%
plasticien
67%
qu'on
67%
qu'un
67%
rigolo
67%
savoir
67%
tant
67%
avec
61%
incroyable
61%
serait
61%
taré,
61%
autre
56%
car
56%
chanter
56%
encore
56%
sur
56%
ah,
50%
chantais
50%
J'en
50%
50%
(là)
50%
piano
50%
raisonnable
50%
retrouve
50%
trouvais
50%
trouverais
50%
Délaissée,
44%
haut
44%
notre
44%
rupture
44%
seule,
44%
triste
44%
alors
39%
J'étais
39%
qu'autrefois,
39%
revient
39%
Aucun quiz correspondant
Distribution des résultats
% des personnes avec chaque résultat
Percentile par nombre de réponses
Votre historique - résultats
Vous n’avez pas pris ce quiz